Loading...
| Science - Physics | 0 | 8 | 0 | 1 | 80 | 41 | 58.13 | 3 | 8 | 0.00 | 0.00 |
| Literature - European | 0 | 6 | 0 | 0 | 60 | 49 | 77.17 | 2 | 6 | 0.00 | 0.00 |
| Philosophy | 0 | 6 | 1 | 1 | 55 | 47 | 79.83 | 2 | 6 | 0.00 | 0.00 |
| Science - Biology | 0 | 5 | 0 | 1 | 50 | 54 | 78.20 | 2 | 5 | 0.00 | 0.00 |
| Literature - American | 0 | 5 | 0 | 2 | 50 | 98 | 122.00 | 1 | 5 | 0.00 | 0.00 |
| Fine Arts - Visual | 0 | 5 | 0 | 0 | 50 | 64 | 89.20 | 0 | 5 | 0.00 | 0.00 |
| History - American | 0 | 5 | 0 | 1 | 50 | 40 | 80.00 | 1 | 5 | 0.00 | 0.00 |
| Science - Chemistry | 0 | 5 | 1 | 1 | 45 | 47 | 87.00 | 1 | 5 | 0.00 | 0.00 |
| Science - Other | 0 | 5 | 1 | 1 | 45 | 44 | 72.40 | 1 | 5 | 0.00 | 0.00 |
| Fine Arts - Classical Music | 0 | 4 | 0 | 2 | 40 | 100 | 121.75 | 0 | 4 | 0.00 | 0.00 |
| Mythology | 0 | 5 | 2 | 1 | 40 | 38 | 73.80 | 3 | 5 | 0.00 | 0.00 |
| Religion | 0 | 5 | 2 | 0 | 40 | 44 | 87.40 | 2 | 5 | 0.00 | 0.00 |
| Social Science | 0 | 5 | 2 | 1 | 40 | 70 | 80.40 | 2 | 5 | 0.00 | 0.00 |
| Literature - British | 0 | 4 | 1 | 1 | 35 | 54 | 99.50 | 0 | 4 | 0.00 | 0.00 |
| Fine Arts - Other | 0 | 4 | 1 | 0 | 35 | 57 | 109.00 | 1 | 4 | 0.00 | 0.00 |
| History - World | 0 | 3 | 0 | 1 | 30 | 35 | 78.33 | 2 | 3 | 0.00 | 0.00 |
| History - Other | 0 | 3 | 2 | 0 | 20 | 50 | 53.00 | 1 | 3 | 0.00 | 0.00 |
| Geography/Current Events | 0 | 2 | 2 | 2 | 10 | 126 | 129.00 | 0 | 2 | 0.00 | 0.00 |
| Other Academic | 0 | 1 | 0 | 0 | 10 | 82 | 82.00 | 1 | 1 | 0.00 | 0.00 |
| Literature - World/Other | 0 | 1 | 1 | 0 | 5 | 101 | 101.00 | 1 | 1 | 0.00 | 0.00 |
| History - European | 0 | 2 | 3 | 1 | 5 | 92 | 108.00 | 0 | 2 | 0.00 | 0.00 |
| Pop Culture | 0 | 0 | 1 | 0 | -5 | 0.00 | 0 | 0 | 0.00 | 0.00 |